[Event "24th 4NCL Congress"]
[Site "Harrogate"]
[Date "2020.01.18"]
[Round "2.25"]
[White "Tait, Bill"]
[Black "English, Andrew Jp"]
[Result "1/2-1/2"]
[WhiteElo "1710"]
[BlackElo "1450"]
[PlyCount "69"]
[EventDate "2020.01.17"]

1. e4 c5 2. Nc3 Nc6 3. f4 g6 4. Nf3 Bg7 5. d3 d6 6. Nd5 Bg4 7. c3 e6 8. Ne3
Bxf3 9. Qxf3 Nge7 10. Be2 O-O 11. O-O b5 12. Rb1 a5 13. a3 b4 14. Bd2 bxc3 15.
bxc3 Rb8 16. f5 Ne5 17. Qf2 Rxb1 18. Rxb1 N7c6 19. fxe6 fxe6 20. Qg3 a4 21. Ng4
Nxg4 22. Qxg4 Qe7 23. Bg5 Bf6 24. Bxf6 Qxf6 25. Rf1 Qe7 26. Rxf8+ Kxf8 27. e5
Nxe5 28. Qxa4 Qb7 29. Qc2 Qa7 30. c4 Ke7 31. Kh1 Qb7 32. h3 Nd7 33. Bg4 Nf6 34.
Bd1 d5 35. Bf3 {scoresheets diverge} 1/2-1/2

[Event "24th 4NCL Congress"]
[Site "Harrogate"]
[Date "2020.01.18"]
[Round "2.27"]
[White "Jayawarna, Tarini"]
[Black "Waterfield, Mark Bw"]
[Result "0-1"]
[WhiteElo "1564"]
[BlackElo "1688"]
[PlyCount "128"]
[EventDate "2020.01.17"]

1. e4 e6 2. d4 d5 3. Nc3 Nf6 4. e5 Nfd7 5. f4 c5 6. Nf3 Nc6 7. Be3 Be7 8. Qd2
a6 9. g3 b5 10. a3 Qb6 11. Ne2 Bb7 12. Bg2 Qd8 13. O-O O-O 14. Rfc1 Rc8 15. Kh1
Na5 16. b3 cxd4 17. Nexd4 Nc5 18. Qe1 Ne4 19. Nd2 Bc5 20. b4 Bxd4 21. Bxd4 Nxd2
22. Qxd2 Nc4 23. Qf2 Qd7 24. Bc5 Rfd8 25. Rd1 Re8 26. Kg1 Kh8 27. Rd4 Ra8 28.
Qf3 a5 29. Rad1 axb4 30. axb4 Ra2 31. c3 Rea8 32. Bf1 Qe8 33. Be2 Rb2 34. Qf1
Ne3 35. Bxb5 Qg8 36. Qf3 Nxd1 37. Rxd1 Raa2 38. Kf1 Rxh2 39. Bg1 Rhb2 40. Bc4
Ba6 41. Bxa6 Rxa6 42. Qd3 Ra3 43. Be3 Qc8 44. Rc1 Rxb4 45. Qd2 Rc4 46. Bd4 Qa6
47. Kg2 Kg8 48. Kh3 Ra2 49. Qd3 Rb2 50. Qf1 Qa2 51. Ra1 Rh2+ 52. Kg4 h5+ 53.
Kg5 Qe2 54. Ra8+ Kh7 55. Qb1+ Qc2 56. Qxc2+ Rxc2 57. Kxh5 R2xc3 58. Bxc3 Rxc3
59. Rd8 Rxg3 60. Kh4 Rg1 61. Rd7 Kg6 62. Rb7 f6 63. Rb2 Kf5 64. exf6 gxf6 0-1

[Event "24th 4NCL Congress"]
[Site "Harrogate"]
[Date "2020.01.18"]
[Round "2.1"]
[White "Cawston, M John"]
[Black "Ormerod, Stephen"]
[Result "0-1"]
[WhiteElo "1778"]
[BlackElo "1877"]
[PlyCount "114"]
[EventDate "2020.01.17"]

1. Nf3 Nf6 2. c4 e6 3. g3 c6 4. Bg2 d5 5. d4 Bb4+ 6. Bd2 Be7 7. Qc2 Nbd7 8. O-O
O-O 9. b3 Ne4 10. Nc3 Ndf6 11. Rad1 Nxd2 12. Rxd2 Bb4 13. Rdd1 Qa5 14. Rc1 Bxc3
15. Qxc3 Qxa2 16. Ra1 Qxe2 17. Rfe1 Ne4 18. Rxe2 Nxc3 19. Rc2 Ne4 20. Rca2 a6
21. Ne5 f6 22. Nd3 Nc3 23. Rc2 Ne4 24. Re1 Nd6 25. Nf4 Re8 26. cxd5 exd5 27.
Rxe8+ Nxe8 28. Re2 Kf7 29. Kf1 Bf5 30. Ke1 g5 31. Nh3 Nd6 32. Kd2 Nb5 33. f4 g4
34. Nf2 Nxd4 35. Re3 Re8 36. Rxe8 Kxe8 37. b4 Kd7 38. Nd1 Be4 39. Bf1 Nf3+ 40.
Ke3 Nxh2 41. Be2 Bf3 42. Nc3 Bxe2 43. Kxe2 Nf3 44. Na4 Nd4+ 45. Kd3 Nf5 46.
Nc5+ Kc7 47. Ne6+ Kb6 48. Nf8 Nxg3 49. Nd7+ Kb5 50. Nxf6 Kxb4 51. Nxh7 Nf5 52.
Ng5 a5 53. Ne6 a4 54. Kc2 g3 55. Kb2 g2 56. Nc7 g1=Q 57. Nxd5+ cxd5 0-1

[Event "24th 4NCL Congress"]
[Site "Harrogate"]
[Date "2020.01.18"]
[Round "2.2"]
[White "Mckerracher, Douglas"]
[Black "Dean, Robert A"]
[Result "1-0"]
[WhiteElo "1852"]
[BlackElo "1771"]
[PlyCount "77"]
[EventDate "2020.01.17"]

1. e4 e6 2. d3 d5 3. Nd2 c5 4. Ngf3 Nc6 5. g3 Bd6 6. Bg2 Nge7 7. O-O Qc7 8. Re1
O-O 9. Qe2 f6 10. a4 Bd7 11. c3 Rae8 12. Nf1 b6 13. Bd2 Na5 14. b4 Nb3 15. Ra2
Nxd2 16. Qxd2 Nc6 17. b5 Na5 18. Qe2 dxe4 19. Qxe4 e5 20. Qe2 Be6 21. Rb2 c4
22. d4 exd4 23. Nxd4 Bf7 24. Qd1 Be5 25. Rbe2 Bxd4 26. Qxd4 Nb3 27. Qh4 Rxe2
28. Rxe2 Nc5 29. Ne3 Qe5 30. Kf1 Qxc3 31. Nd5 Qa1+ 32. Re1 Qxa4 33. Ne7+ Kh8
34. Bd5 Bxd5 35. Ng6+ Kg8 36. Nxf8 Kxf8 37. Qf4 Bb7 38. Qb8+ Kf7 39. Qe8# 1-0

[Event "24th 4NCL Congress"]
[Site "Harrogate"]
[Date "2020.01.18"]
[Round "2.3"]
[White "Curras Lorenzo, Guillermo"]
[Black "Kenning, Paul H"]
[Result "0-1"]
[WhiteElo "1765"]
[BlackElo "1851"]
[Annotator "Nigel"]
[PlyCount "58"]
[EventDate "2020.01.17"]

1. e4 d6 2. d4 Nf6 3. Nc3 e5 4. Nf3 Nbd7 5. h3 Be7 6. g4 h6 7. Bg2 c6 8. Nh4 g6
9. Nf3 b5 10. a3 Qc7 11. O-O Nf8 12. Be3 g5 13. Re1 Ng6 14. Nd2 Nf4 15. Nf1 h5
16. Bxf4 gxf4 17. g5 Nd7 18. h4 Nf8 19. Bf3 Ng6 20. Bxh5 Nxh4 21. dxe5 dxe5 22.
Nh2 Bxg5 23. Bg4 Rg8 24. Kf1 Be7 25. Bh5 Bh3+ 26. Ke2 Rd8 27. Qb1 Rg2 28. Nf3
Rxf2+ 29. Kxf2 Qb6+ 0-1

[Event "24th 4NCL Congress"]
[Site "Harrogate"]
[Date "2020.01.18"]
[Round "2.4"]
[White "Heald, Carl"]
[Black "Laws, Darren C"]
[Result "1-0"]
[WhiteElo "1756"]
[BlackElo "1842"]
[PlyCount "63"]
[EventDate "2020.01.17"]

1. d4 d5 2. c4 Nc6 3. Nf3 Bg4 4. Nc3 Nf6 5. Ne5 e6 6. Qa4 Bb4 7. Bg5 h6 8. Bxf6
Qxf6 9. Nxc6 Bxc3+ 10. bxc3 bxc6 11. Qxc6+ Ke7 12. Qxc7+ Kf8 13. cxd5 exd5 14.
Qc5+ Kg8 15. Qxd5 Kh7 16. e3 Be6 17. Bd3+ g6 18. Qa5 Rhd8 19. c4 Rdc8 20. Rc1
a6 21. O-O Qh4 22. Rc2 Kg8 23. Rfc1 h5 24. Qe5 Re8 25. Qg3 Qf6 26. h4 Bg4 27.
c5 Re7 28. c6 Bf5 29. Bxf5 Qxf5 30. c7 Rc8 31. Qd6 Rd7 32. Qxa6 1-0

[Event "24th 4NCL Congress"]
[Site "Harrogate"]
[Date "2020.01.18"]
[Round "2.5"]
[White "Bagley, Andy J"]
[Black "May, Paul"]
[Result "1-0"]
[WhiteElo "1833"]
[BlackElo "1753"]
[PlyCount "99"]
[EventDate "2020.01.17"]

1. d4 g6 2. c4 Bg7 3. e4 c5 4. d5 d6 5. Nc3 e6 6. f3 Ne7 7. Be3 exd5 8. cxd5
O-O 9. Bd3 a6 10. a4 Nd7 11. Nge2 Ne5 12. O-O Nxd3 13. Qxd3 f5 14. Qd2 Qc7 15.
Bh6 Rd8 16. Bxg7 Kxg7 17. Nf4 Ng8 18. Ne6+ Bxe6 19. dxe6 Ne7 20. Nd5 Nxd5 21.
exd5 Qe7 22. Qc3+ Qf6 23. Ra3 Qxc3 24. bxc3 Rab8 25. Rb1 Kf6 26. f4 Rdc8 27.
Rab3 Rc7 28. Rb6 Ke7 29. c4 h6 30. Rxa6 g5 31. fxg5 bxa6 32. Rxb8 hxg5 33. Rg8
Kf6 34. Rf8+ Ke5 35. Rf7 Rc8 36. Rb7 f4 37. h3 a5 38. Kf2 Kd4 39. Rd7 Ke5 40.
Kf3 Re8 41. Kg4 Rg8 42. Kh5 Kd4 43. Rxd6 Kxc4 44. e7 Re8 45. Rd7 Rxe7 46. Rxe7
Kxd5 47. Kxg5 c4 48. Rc7 Kd4 49. h4 c3 50. h5 1-0

[Event "24th 4NCL Congress"]
[Site "Harrogate"]
[Date "2020.01.18"]
[Round "2.6"]
[White "Stephenson, David W"]
[Black "Potter, Steven"]
[Result "1-0"]
[WhiteElo "1793"]
[BlackElo "1732"]
[PlyCount "121"]
[EventDate "2020.01.17"]

1. e4 e6 2. d4 b6 3. Bd3 Bb7 4. Nf3 c5 5. c3 Nf6 6. Qe2 Be7 7. O-O Nc6 8. Bf4
cxd4 9. Nxd4 Rc8 10. Nd2 d6 11. Bg3 Nxd4 12. cxd4 O-O 13. Rac1 Qd7 14. f4 Qa4
15. Nc4 Nxe4 16. Bxe4 Bxe4 17. b3 Qa6 18. Qxe4 d5 19. Qe2 dxc4 20. bxc4 Bf6 21.
Rfd1 Rfd8 22. Bf2 Qa3 23. Rb1 Qa4 24. Rbc1 h6 25. h3 Qa3 26. Rc2 Rc7 27. Rd3
Qa4 28. Rdd2 Rcd7 29. Qe4 Qb4 30. Kh2 Qa4 31. Rc1 Rc8 32. Rdc2 Rdc7 33. Qd3 Be7
34. Qb3 Qa5 35. Rc3 Qf5 36. g3 Bf6 37. c5 bxc5 38. Rxc5 Rxc5 39. Rxc5 Rxc5 40.
dxc5 Qe4 41. Qb8+ Kh7 42. Qb3 Qc6 43. Qe3 a6 44. h4 Bd8 45. Qd3+ g6 46. Qxd8
Qf3 47. Qd2 a5 48. Qc2 Qc6 49. Qc3 a4 50. Qf6 Qe4 51. Qxf7+ Kh8 52. Qf6+ Kh7
53. Qb2 Kg8 54. Qd4 Qe2 55. a3 h5 56. Qe3 Kf7 57. Qd4 Qa2 58. c6 Qc2 59. Qa7+
Kf6 60. c7 Qc6 61. Qc5 1-0

[Event "24th 4NCL Congress"]
[Site "Harrogate"]
[Date "2020.01.18"]
[Round "2.7"]
[White "Murphy, Ross"]
[Black "Obi, Marc On"]
[Result "0-1"]
[WhiteElo "1639"]
[BlackElo "1783"]
[PlyCount "64"]
[EventDate "2020.01.17"]

1. d4 d5 2. g3 Bf5 3. Bg2 c6 4. Nf3 h6 5. Nbd2 Nf6 6. c4 e6 7. cxd5 exd5 8. O-O
Bd6 9. Re1 O-O 10. Ne5 Nbd7 11. f4 Ng4 12. Ndf3 h5 13. h3 Nh6 14. Nh4 f6 15.
Nxd7 Qxd7 16. Nxf5 Nxf5 17. Kh2 h4 18. g4 Ng3 19. e4 dxe4 20. Bxe4 Rae8 21. Bg6
Rxe1 22. Qxe1 f5 23. gxf5 Nxf5 24. Bxf5 Qxf5 25. Qxh4 Qc2+ 26. Kg3 Rf6 27. Kf3
Qd1+ 28. Ke4 Qe2+ 29. Be3 Re6+ 30. Kf5 Qxe3 31. Qd8+ Kh7 32. Qh4+ Rh6 0-1

[Event "24th 4NCL Congress"]
[Site "Harrogate"]
[Date "2020.01.18"]
[Round "2.8"]
[White "Coop, Brian H"]
[Black "Sandhu, Manvith"]
[Result "1/2-1/2"]
[WhiteElo "1913"]
[BlackElo "1747"]
[PlyCount "112"]
[EventDate "2020.01.17"]

1. e4 Nc6 2. Nf3 d6 3. d4 Nf6 4. Nc3 g6 5. Be2 Bg7 6. O-O O-O 7. h3 a6 8. Bg5
b5 9. a3 Bb7 10. Re1 e5 11. dxe5 Nxe5 12. Nxe5 dxe5 13. Bf3 c6 14. Qe2 Qc7 15.
Rad1 Rad8 16. Qe3 Rxd1 17. Rxd1 Rd8 18. Rxd8+ Qxd8 19. Qc5 Qc7 20. Bxf6 Bxf6
21. Nd5 Qd8 22. Nxf6+ Qxf6 23. Bg4 Qd8 24. Qxe5 h5 25. Be2 c5 26. Qf4 c4 27. e5
Qd7 28. Bf3 Bxf3 29. Qxf3 Qe6 30. Qe3 Qd5 31. Kh2 Kg7 32. f4 Qe6 33. Qe4 Kf8
34. Qd4 Kg7 35. Qf2 Kf8 36. c3 Kg7 37. Qg3 Kf8 38. Qg5 Ke8 39. g4 hxg4 40. Qxg4
Ke7 41. Qf3 Qd7 42. Qf2 Qc7 43. Qd4 Ke6 44. Kg3 Qb7 45. Qd6+ Kf5 46. Qf6+ Ke4
47. e6 fxe6 48. Qxe6+ Kd3 49. Qxg6+ Kd2 50. Qe6 Kc2 51. Qe2+ Kb3 52. h4 Qg7+
53. Kf2 Qf6 54. Kg3 Qg6+ 55. Kh3 Qf6 56. Qf2 Qf5+ 1/2-1/2

[Event "24th 4NCL Congress"]
[Site "Harrogate"]
[Date "2020.01.18"]
[Round "2.9"]
[White "Bielby, Paul R"]
[Black "Millar, Greg F"]
[Result "1-0"]
[WhiteElo "1902"]
[BlackElo "1741"]
[PlyCount "49"]
[EventDate "2020.01.17"]

1. e4 c6 2. d4 d5 3. exd5 cxd5 4. c4 Nf6 5. Nc3 e6 6. Nf3 Bb4 7. Bf4 dxc4 8.
Bxc4 O-O 9. O-O Nd5 10. Bg5 Be7 11. Nxd5 Bxg5 12. Nxg5 exd5 13. Qh5 Bf5 14. Bb3
Bg6 15. Qg4 Nc6 16. h4 h6 17. Nf3 Re8 18. Rfe1 Qd6 19. h5 Be4 20. Rad1 Rad8 21.
Re3 Re7 22. Nh4 Qf6 23. f3 Bxf3 24. Rxf3 Re4 25. Qxe4 1-0

[Event "24th 4NCL Congress"]
[Site "Harrogate"]
[Date "2020.01.18"]
[Round "2.10"]
[White "Tomlinson, Zak"]
[Black "Samarasinghe, Jude Ranga"]
[Result "0-1"]
[WhiteElo "1745"]
[BlackElo "1895"]
[PlyCount "30"]
[EventDate "2020.01.17"]

1. d4 f5 2. c4 e6 3. Nc3 Nf6 4. Nf3 d5 5. e3 c6 6. Bd3 Bd6 7. Bd2 O-O 8. cxd5
exd5 9. Qc2 Ne4 10. Bxe4 fxe4 11. Ng1 Qg5 12. g3 Na6 13. a3 Qf6 14. Nd1 Bg4 15.
Ne2 Bxe2 0-1

[Event "24th 4NCL Congress"]
[Site "Harrogate"]
[Date "2020.01.18"]
[Round "2.11"]
[White "Bowman, Richard L"]
[Black "Hilton, Tim"]
[Result "1/2-1/2"]
[WhiteElo "1740"]
[BlackElo "1892"]
[PlyCount "91"]
[EventDate "2020.01.17"]

1. d4 f5 2. e4 fxe4 3. Nc3 Nf6 4. Bg5 Nc6 5. Bxf6 exf6 6. d5 Ne5 7. Nxe4 f5 8.
Ng3 Qe7 9. Qe2 g6 10. Nf3 Nxf3+ 11. gxf3 d6 12. Qxe7+ Bxe7 13. O-O-O Bd7 14.
Re1 Kf7 15. Ne2 Bh4 16. Ng3 Rhe8 17. Bc4 b5 18. Bd3 c6 19. c4 cxd5 20. cxd5
Rac8+ 21. Kb1 Kf6 22. Rxe8 Bxe8 23. Re1 Bd7 24. b4 a6 25. Kb2 Bg5 26. a3 Bf4
27. Kb3 h5 28. h4 Rc1 29. Rxc1 Bxc1 30. Ne2 Bh6 31. f4 Bc8 32. a4 Bb7 33. axb5
axb5 34. Bxb5 Bxd5+ 35. Bc4 Bb7 36. Kc3 d5 37. Bd3 Ke7 38. Kd4 Kd6 39. Bb5 Bg7+
40. Ke3 Bc6 41. Bxc6 Kxc6 42. Nd4+ Kd6 43. Kd3 Bf6 44. Nf3 Be7 45. Kd4 Bf6+ 46.
Kd3 1/2-1/2

[Event "24th 4NCL Congress"]
[Site "Harrogate"]
[Date "2020.01.18"]
[Round "2.12"]
[White "Burns, Martin J"]
[Black "Holi, Siefaldin A"]
[Result "1-0"]
[WhiteElo "1878"]
[BlackElo "1728"]
[PlyCount "77"]
[EventDate "2020.01.17"]

1. e4 c5 2. Nc3 Nc6 3. f4 e6 4. Nf3 Be7 5. Bb5 Nf6 6. e5 Ng4 7. Bxc6 bxc6 8.
O-O O-O 9. h3 Nh6 10. d3 d5 11. exd6 Bxd6 12. Ne4 Be7 13. Be3 Qa5 14. Ne5 Qb6
15. b4 f5 16. bxc5 Qc7 17. Nd2 Ba6 18. Rb1 Rab8 19. Qf3 Rbc8 20. Rb3 Rfd8 21.
Ra3 Bb7 22. Rb1 Ba8 23. Ndc4 Rd5 24. d4 Kf8 25. Rab3 Nf7 26. Qh5 Bd8 27. Qxh7
Bf6 28. Ng6+ Ke8 29. Nd6+ Rxd6 30. cxd6 Qxd6 31. Ne5 Kf8 32. Rb8 Rd8 33. Qg6
Bxe5 34. Rxd8+ Qxd8 35. dxe5 Nd6 36. Qxe6 Qc8 37. Qxc8+ Nxc8 38. Rb8 Ke8 39.
Rxc8+ 1-0

[Event "24th 4NCL Congress"]
[Site "Harrogate"]
[Date "2020.01.18"]
[Round "3.1"]
[White "Ormerod, Stephen"]
[Black "Bagley, Andy J"]
[Result "1/2-1/2"]
[WhiteElo "1877"]
[BlackElo "1833"]
[PlyCount "54"]
[EventDate "2020.01.17"]

1. Nf3 e6 2. g3 b5 3. Bg2 Bb7 4. O-O Nf6 5. d3 Be7 6. e4 d6 7. Nbd2 O-O 8. b3
Nbd7 9. Bb2 c5 10. e5 dxe5 11. Nxe5 Bxg2 12. Kxg2 Nxe5 13. Bxe5 Qd5+ 14. Nf3
Nd7 15. Bb2 Bf6 16. Bxf6 Nxf6 17. Qe2 b4 18. Kg1 a5 19. Nd2 a4 20. Nc4 Qc6 21.
h4 axb3 22. axb3 h6 23. Rfe1 Rxa1 24. Rxa1 Ra8 25. Qe5 Rxa1+ 26. Qxa1 Qf3 27.
Ne5 Qd5 1/2-1/2

[Event "24th 4NCL Congress"]
[Site "Harrogate"]
[Date "2020.01.18"]
[Round "3.2"]
[White "Obi, Marc On"]
[Black "Mckerracher, Douglas"]
[Result "1-0"]
[WhiteElo "1783"]
[BlackElo "1852"]
[PlyCount "71"]
[EventDate "2020.01.17"]

1. d4 f5 2. Bg5 Nf6 3. Bxf6 exf6 4. e3 d5 5. Nf3 c6 6. c4 Be6 7. Nbd2 Bd6 8.
Bd3 O-O 9. O-O Qd7 10. c5 Bc7 11. b4 a5 12. Qa4 Na6 13. bxa5 Rfb8 14. Rfc1 Qd8
15. Nb3 Ra7 16. Rab1 Bc8 17. Rb2 Rba8 18. Nh4 g6 19. Bb1 Nb8 20. f3 Qe7 21. Re1
f4 22. Rbe2 f5 23. exf4 Qxh4 24. Re8+ Kf7 25. g3 Qf6 26. Rxc8 Bd8 27. Qa3 Nd7
28. Rxa8 Rxa8 29. Qb4 Ra7 30. Qd2 Nf8 31. g4 fxg4 32. fxg4 Bc7 33. f5 g5 34.
Qe3 Ra8 35. Qh3 Re8 36. Qh5+ 1-0

[Event "24th 4NCL Congress"]
[Site "Harrogate"]
[Date "2020.01.18"]
[Round "3.3"]
[White "Kenning, Paul H"]
[Black "Stephenson, David W"]
[Result "1-0"]
[WhiteElo "1851"]
[BlackElo "1793"]
[PlyCount "95"]
[EventDate "2020.01.17"]

1. d4 e6 2. e4 d5 3. Bd3 dxe4 4. Bxe4 Nf6 5. Bf3 Be7 6. Ne2 O-O 7. O-O Nbd7 8.
g3 c5 9. b3 cxd4 10. Nxd4 Qb6 11. Bb2 Rd8 12. Bg2 Bc5 13. Nf3 e5 14. Nc3 Qa5
15. Qe2 Re8 16. Na4 e4 17. Nd4 Ne5 18. Nxc5 Qxc5 19. Qb5 Qe7 20. Rfe1 a6 21.
Qf1 Bg4 22. Kh1 Qd7 23. Re3 Nc6 24. Nxc6 Qxc6 25. c4 Rad8 26. Qe1 Bf5 27. Rd1
Ng4 28. Rxd8 Rxd8 29. Re2 Qc5 30. h3 Nh6 31. Bxe4 Bxh3 32. Bd5 Bd7 33. Qc3 Qf8
34. Bxb7 f6 35. Bd5+ Kh8 36. Qc1 Bg4 37. Ba3 Bf3+ 38. Bxf3 Qf7 39. Rd2 Re8 40.
Qd1 Qe6 41. Rd8 Ng8 42. Rxe8 Qxe8 43. Bd5 Nh6 44. Kg2 f5 45. Qd2 Ng4 46. Qf4 h5
47. Qxf5 Qe2 48. Qxh5+ 1-0

[Event "24th 4NCL Congress"]
[Site "Harrogate"]
[Date "2020.01.18"]
[Round "3.4"]
[White "Samarasinghe, Jude Ranga"]
[Black "Heald, Carl"]
[Result "1-0"]
[WhiteElo "1895"]
[BlackElo "1756"]
[PlyCount "100"]
[EventDate "2020.01.17"]

1. e4 c5 2. Nf3 Nc6 3. Nc3 g6 4. d4 cxd4 5. Nxd4 Bg7 6. Be3 d6 7. Qd2 Bd7 8.
Be2 a6 9. Nd5 Nf6 10. Nxc6 Bxc6 11. Bb6 Qc8 12. Nc7+ Kf8 13. Nxa8 Nxe4 14. Qe3
Qxa8 15. c3 Qc8 16. O-O h5 17. Bd3 Bh6 18. Qe2 Nf6 19. f4 Nd5 20. Bd4 Rg8 21.
Rae1 Qd7 22. g3 h4 23. Be4 hxg3 24. hxg3 f5 25. Bg2 Bg7 26. Bxg7+ Rxg7 27. Qe6
Qxe6 28. Rxe6 Nc7 29. Re3 e6 30. Rd1 Rd7 31. Kf2 Kf7 32. Bxc6 bxc6 33. c4 d5
34. Rb3 c5 35. Rb6 Ne8 36. Rxa6 Nd6 37. Rh1 Kg7 38. b3 dxc4 39. bxc4 Ne4+ 40.
Ke3 Nxg3 41. Rg1 Nh5 42. Rxe6 Rd3+ 43. Kxd3 Nxf4+ 44. Ke3 Nxe6 45. a4 Kf6 46.
a5 Nc7 47. Rb1 Ke5 48. Rb6 g5 49. Rc6 f4+ 50. Kf3 Ne6 1-0

[Event "24th 4NCL Congress"]
[Site "Harrogate"]
[Date "2020.01.18"]
[Round "3.5"]
[White "Kane, Robert"]
[Black "Bielby, Paul R"]
[Result "1-0"]
[WhiteElo "1763"]
[BlackElo "1902"]
[PlyCount "71"]
[EventDate "2020.01.17"]

1. d4 Nf6 2. Nf3 d5 3. c4 e6 4. Nc3 Be7 5. Bg5 c6 6. e3 Nbd7 7. cxd5 exd5 8.
Qc2 h6 9. Bf4 Nf8 10. Ne5 Ne6 11. Bg3 Bd7 12. Be2 Rc8 13. O-O O-O 14. Bh4 c5
15. dxc5 Rxc5 16. Rfd1 Qc7 17. Nxd7 Qxd7 18. Qa4 g5 19. Qxd7 Nxd7 20. Nxd5 Rxd5
21. Rxd5 Nf6 22. Ra5 gxh4 23. Rxa7 Rb8 24. Bf3 Nd8 25. Rc1 Bd6 26. b3 Kf8 27.
Ra5 Kg7 28. Be4 Nd7 29. Rb5 Nf6 30. Bf3 b6 31. a4 Ne6 32. Rc6 Bc7 33. b4 Ne8
34. Rd5 Ra8 35. Rxe6 fxe6 36. Rd7+ 1-0

[Event "24th 4NCL Congress"]
[Site "Harrogate"]
[Date "2020.01.18"]
[Round "3.6"]
[White "Macdonald, Ciaran"]
[Black "Burns, Martin J"]
[Result "1/2-1/2"]
[WhiteElo "1640"]
[BlackElo "1878"]
[PlyCount "116"]
[EventDate "2020.01.17"]

1. d4 Nf6 2. c4 g6 3. f3 Bg7 4. Nc3 d5 5. cxd5 Nxd5 6. e4 Nxc3 7. bxc3 c5 8.
Ne2 O-O 9. Be3 cxd4 10. cxd4 Nc6 11. Qd2 b6 12. Rc1 Bb7 13. d5 Na5 14. Ng3 Rc8
15. Bd3 Rxc1+ 16. Qxc1 Qd6 17. O-O Rc8 18. Qd2 Nc4 19. Bxc4 Rxc4 20. Ne2 Qa3
21. Rb1 h5 22. h3 Ba6 23. Rb3 Qd6 24. Nd4 Ra4 25. Kf2 Bc4 26. Rb2 Qa3 27. Rc2
b5 28. Nc6 a6 29. Bg5 Qc5+ 30. Be3 Qd6 31. f4 Kf8 32. Bb6 Kg8 33. Bd8 Bf8 34.
f5 Qc5+ 35. Kg3 Ra3+ 36. Kh4 Qe3 37. Qxe3 Rxe3 38. fxg6 fxg6 39. e5 Bxd5 40.
Bxe7 Bxc6 41. Bxf8 Be4 42. Rc8 Kf7 43. Bd6 Bxg2 44. Rc7+ Ke6 45. Re7+ Kd5 46.
Kg5 Bxh3 47. Kxg6 Bg4 48. Rh7 Re2 49. a3 Rf2 50. Kg5 Rf5+ 51. Kh4 Rf3 52. Ra7
Rf4 53. Kg3 Ra4 54. Rh7 Bd1 55. Kh3 Bg4+ 56. Kg3 Re4 57. Ra7 Ra4 58. Rh7 Re4
1/2-1/2

[Event "24th 4NCL Congress"]
[Site "Harrogate"]
[Date "2020.01.18"]
[Round "3.7"]
[White "Whitehead, Mark A"]
[Black "Williamson, Graham Ag"]
[Result "1/2-1/2"]
[WhiteElo "1755"]
[BlackElo "1809"]
[PlyCount "20"]
[EventDate "2020.01.17"]

1. e4 d6 2. Nc3 Nf6 3. d4 g6 4. Be2 Bg7 5. Nf3 O-O 6. O-O a6 7. a4 Nc6 8. h3
Bd7 9. Be3 Qc8 10. Kh2 Ne8 1/2-1/2

[Event "24th 4NCL Congress"]
[Site "Harrogate"]
[Date "2020.01.18"]
[Round "3.8"]
[White "Davies, Sam"]
[Black "Hall, David G"]
[Result "1-0"]
[WhiteElo "1788"]
[BlackElo "1722"]
[PlyCount "77"]
[EventDate "2020.01.17"]

1. d4 g6 2. c4 Bg7 3. Nc3 c6 4. Nf3 d5 5. cxd5 cxd5 6. Qb3 e6 7. Bg5 Ne7 8. e3
a6 9. Bd3 O-O 10. O-O Nd7 11. Qa3 Re8 12. Nb5 f6 13. Bh4 Bf8 14. Nc3 Nf5 15.
Qb3 Nxh4 16. Nxh4 Qb6 17. Qc2 f5 18. Nf3 Bg7 19. Rac1 Qd6 20. Na4 e5 21. dxe5
Nxe5 22. Nxe5 Bxe5 23. g3 Bd7 24. Nc3 Kg7 25. Rfd1 Rac8 26. Bf1 Bxc3 27. bxc3
Qe5 28. Qb3 Bc6 29. Bg2 Rcd8 30. Rd4 Rd7 31. Rcd1 Rde7 32. Bxd5 Bxd5 33. Rxd5
Qc7 34. c4 Rc8 35. Qb2+ Kf7 36. c5 Qc6 37. Qb3 Qe6 38. R1d4 Rec7 39. Rd7+ 1-0

[Event "24th 4NCL Congress"]
[Site "Harrogate"]
[Date "2020.01.18"]
[Round "3.9"]
[White "Potter, Steven"]
[Black "Coop, Brian H"]
[Result "0-1"]
[WhiteElo "1732"]
[BlackElo "1913"]
[PlyCount "68"]
[EventDate "2020.01.17"]

1. d4 d5 2. Bg5 h6 3. Bh4 c6 4. e3 Qb6 5. Qc1 Bf5 6. Nd2 e6 7. Ngf3 Nd7 8. a3
Be7 9. Bxe7 Nxe7 10. Be2 O-O 11. O-O c5 12. c3 Rac8 13. Re1 Bh7 14. Bd1 Nc6 15.
Nb3 e5 16. Nxc5 Nxc5 17. dxc5 Qxc5 18. Qd2 Rfd8 19. b4 Qe7 20. Ba4 Be4 21. Qe2
Bxf3 22. Qxf3 e4 23. Qh3 Ne5 24. Rec1 Nd3 25. Rc2 Qf6 26. g4 Rxc3 27. Re2 Rdc8
28. Qg3 Rc1+ 29. Rxc1 Rxc1+ 30. Kg2 Ne1+ 31. Kh3 Nf3 32. Rc2 Rg1 33. Qb8+ Kh7
34. g5 Qf5# 0-1

[Event "24th 4NCL Congress"]
[Site "Harrogate"]
[Date "2020.01.18"]
[Round "3.10"]
[White "Graham, Oliver"]
[Black "Sandhu, Manvith"]
[Result "1-0"]
[WhiteElo "1908"]
[BlackElo "1747"]
[PlyCount "107"]
[EventDate "2020.01.17"]

1. e4 Nc6 2. d4 d5 3. e5 Bf5 4. Nf3 e6 5. Bd3 Nge7 6. Bg5 Bxd3 7. Qxd3 h6 8.
Bxe7 Nxe7 9. Qb5+ c6 10. Qxb7 Rb8 11. Qxa7 Rxb2 12. O-O Ng6 13. c4 Be7 14. c5
O-O 15. Nbd2 Rb8 16. Rfb1 Rxb1+ 17. Rxb1 Qa8 18. Rb7 Rc8 19. g3 Bd8 20. Rxf7
Be7 21. Rxe7 Nxe7 22. Qxe7 Re8 23. Qh4 Qxa2 24. Qg4 Qc2 25. Kg2 Kf7 26. Nf1 Qg6
27. Qxg6+ Kxg6 28. Nh4+ Kf7 29. f4 g6 30. Nf3 Ra8 31. g4 Ra2+ 32. Kg3 Ra3 33.
h4 h5 34. N1d2 Rd3 35. Nb1 Rb3 36. Nbd2 Rd3 37. f5 hxg4 38. fxe6+ Kxe6 39. Kxg4
Kf7 40. Kg5 Ra3 41. e6+ Kxe6 42. Kxg6 Ra8 43. Ng5+ Ke7 44. Kg7 Ra7 45. h5 Ke8+
46. Kg8 Ke7 47. Kg7 Ke8+ 48. Kg6 Kf8 49. h6 Ra1 50. h7 Rh1 51. Ndf3 Ke7 52. Ne5
Kd8 53. h8=Q+ Rxh8 54. Ngf7+ 1-0

[Event "24th 4NCL Congress"]
[Site "Harrogate"]
[Date "2020.01.18"]
[Round "3.11"]
[White "Hilton, Tim"]
[Black "Doherty, Paul D"]
[Result "1-0"]
[WhiteElo "1892"]
[BlackElo "1733"]
[PlyCount "66"]
[EventDate "2020.01.17"]

1. d4 d6 2. Nc3 Nf6 3. Bf4 g6 4. e4 c6 5. Nf3 Qa5 6. Qd2 Bg7 7. Be2 Nbd7 8. O-O
e5 9. dxe5 dxe5 10. Bh6 O-O 11. Bxg7 Kxg7 12. a3 Re8 13. b4 Qc7 14. Rad1 Nf8
15. h3 Bd7 16. Qd6 Qxd6 17. Rxd6 Re7 18. Rfd1 Ne8 19. R6d2 f6 20. Na4 b6 21.
Nb2 Nc7 22. Nc4 Nce6 23. g3 c5 24. Ne3 Bc6 25. Nd5 Bxd5 26. exd5 Nd4 27. Nxd4
cxd4 28. Bb5 Nd7 29. c3 dxc3 30. Rc2 a6 31. Bc6 Ra7 32. Rxc3 Re8 33. Bxd7 Rxd7
{scoresheets diverge/unreadable} 1-0

[Event "24th 4NCL Congress"]
[Site "Harrogate"]
[Date "2020.01.18"]
[Round "3.12"]
[White "Riding, Mick D"]
[Black "Bowman, Richard L"]
[Result "1-0"]
[WhiteElo "1854"]
[BlackElo "1740"]
[PlyCount "73"]
[EventDate "2020.01.17"]

1. b3 d5 2. Bb2 Nf6 3. e3 Bf5 4. Nf3 e6 5. d3 h6 6. Nbd2 Nc6 7. a3 a6 8. h3 Be7
9. Qe2 Bh7 10. g4 Rg8 11. Bg2 Qd7 12. O-O O-O-O 13. Rfc1 g5 14. Ne5 Nxe5 15.
Bxe5 Bg6 16. c4 c6 17. b4 Ne8 18. b5 Bf6 19. bxc6 bxc6 20. Bxf6 Nxf6 21. d4 Qb7
22. cxd5 exd5 23. e4 Kd7 24. Rab1 Qa7 25. Nb3 Nxe4 26. Bxe4 dxe4 27. Nc5+ Ke8
28. Rb7 Qa8 29. Rcb1 Kf8 30. Nd7+ Kg7 31. d5 Rxd7 32. Rxd7 cxd5 33. Rbb7 Qc8
34. Qb2+ Kh7 35. Rxf7+ Bxf7 36. Rxf7+ Kg6 37. Qf6# 1-0

[Event "24th 4NCL Congress"]
[Site "Harrogate"]
[Date "2020.01.18"]
[Round "3.13"]
[White "Laws, Darren C"]
[Black "Bitlloch, Jordi"]
[Result "1/2-1/2"]
[WhiteElo "1842"]
[BlackElo "1683"]
[PlyCount "47"]
[EventDate "2020.01.17"]

1. d4 Nf6 2. Nf3 c5 3. e3 e6 4. Bd3 d5 5. b3 Nc6 6. Bb2 Be7 7. O-O O-O 8. a3
Ne4 9. Nbd2 cxd4 10. Nxd4 Nxd2 11. Qxd2 f6 12. f4 e5 13. Nxc6 bxc6 14. fxe5 f5
15. Qe2 Rb8 16. Rad1 a5 17. c4 Qb6 18. cxd5 cxd5 19. Bd4 Bc5 20. Qf2 Be6 21.
Bc2 Qc7 22. a4 g6 23. Rc1 Ba3 24. Ra1 1/2-1/2